लोड हो रहा है...

വിത്തും വൃക്ഷവും

ग्रंथसूची विवरण
मुख्य लेखकों: കെ സച്ചിദാനന്ദൻ, K Satchidanandan
स्वरूप: Printed Book
प्रकाशित: Thrissur; Kerala Sahitya Akademi; 2012
संस्करण:1st
विषय:
LEADER 01072nam a22002177a 4500
020 |a 978-81-7690-258-8 
082 |a 894.M07  |b SAT/V Q2 
100 |a കെ സച്ചിദാനന്ദൻ  |9 223287 
100 |a K Satchidanandan  |9 223288 
240 |a Vithum Vrukshavum 
245 |a വിത്തും വൃക്ഷവും 
250 |a 1st 
260 |a Thrissur;  |b Kerala Sahitya Akademi;  |c 2012 
300 |a 320p. 
650 |a മലയാളം; പഠനം  |9 223289 
650 |a Malayalam; Study  |9 223290 
942 |c BK 
999 |c 56817  |d 56817 
952 |0 0  |1 0  |4 0  |6 894_000000000000000_M07_SAT_V_Q2  |7 0  |8 STU  |9 67963  |a MAL  |b MAL  |d 2016-07-20  |e 58429  |g 230.00  |l 0  |o 894.M07 SAT/V Q2  |p MAL058429  |r 2016-07-20  |t 1  |w 2016-07-20  |y BK 
952 |0 0  |1 0  |4 0  |6 894_000000000000000_M07_SAT_V_Q21  |7 0  |8 STU  |9 67964  |a MAL  |b MAL  |d 2016-08-04  |e 54052  |g 230.00  |l 0  |o 894.M07 SAT/V Q2;1  |p MAL054052  |r 2016-08-04  |t 2  |w 2016-08-04  |y BK 
952 |0 0  |1 0  |4 0  |6 894_000000000000000_M07_SAT_V_Q22  |7 0  |8 STU  |9 67965  |a MAL  |b MAL  |d 2016-08-18  |e CR329  |g 230.00  |l 0  |o 894.M07 SAT/V Q2;2  |p MALCR000329  |r 2016-08-18  |t 3  |w 2016-08-18  |y BK